Čo robia pocity?

Bibliographic Details
Main Author: Oziewicz, Tina, 1971- (Author)
Other Authors: Zając, Aleksandra, 1988- (Illustrator), Kaščáková, Silvia, 1976- (Translator)
Format: Book
Language:Slovak
Polish
PhysicalDescription:64 nečíslovaných strán farebné ilustrácie, farebné ilustrované listy 26 cm
Published: Bratislava Ikar, a.s. - Stonožka 2022
ISBN:9788055184869
Edition:Prvé vydanie
Subjects:

MARC

LEADER 00000cam a2200000 4500
001 vtls012149712
003 SK-MaSNL
005 20260301192052.0
008 220923s2022 xo af ar 000 j slo
015 |a SNBA2022/12 
020 |a 9788055184869  |q (viazané) 
040 |a SNK  |b slo  |c SNK  |e rda 
041 1 |a slo  |h pol 
044 |a xo  |c SK 
072 7 |a 821.162.1  |x Poľská literatúra  |2 konspekt 
072 7 |a 82-93  |x Literatúra pre deti a mládež  |2 konspekt 
080 |a 159.942  |2 2011 
080 |a 82-93-053.4/.5  |2 2011 
100 1 |a Oziewicz, Tina,  |d 1971-  |4 aut  |9 224590 
240 1 0 |a Co robią uczucia?  |l Slovensky 
245 1 0 |a Čo robia pocity?  |c Tina Oziewicz ; ilustrovala Aleksandra Zając ; preložila Silvia Kaščáková 
250 |a Prvé vydanie 
264 1 |a Bratislava  |b Ikar, a.s. - Stonožka  |c 2022 
300 |a 64 nečíslovaných strán  |b farebné ilustrácie, farebné ilustrované listy  |c 26 cm 
336 |a text  |b txt  |2 rdacontent 
336 |a statický obraz  |b sti  |2 rdacontent 
337 |a bez média  |b n  |2 rdamedia 
338 |a zväzok  |b nc  |2 rdacarrier 
500 |a Preložené z polštiny 
521 8 |a Pre deti od 5 rokov 
650 0 7 |a emócie  |2 SNKPH  |9 4049 
650 0 7 |a Emotions  |2 SNKPHeng  |9 302873 
655 7 |a literatúra pre deti  |2 SNKPH  |9 87135 
655 7 |a Children's literature  |2 SNKPHeng  |9 276039 
700 1 |a Zając, Aleksandra,  |d 1988-  |4 ill  |9 213184 
700 1 |a Kaščáková, Silvia,  |d 1976-  |4 trl  |9 103421 
919 |a 978-80-551-8486-9 
954 |a beletria cudzojazyčná (svetová)  |2 lita 
958 |a LX 
958 |a DB 
958 |a UP 
968 |b POL 
999 |c 873159  |d 875089 
952 |a SNK  |b SNK  |y PREZ  |7 0  |p 17A1494420  |o snkSB 98519  |i snk2022/15412  |8 0  |0 0  |1 0  |4 0  |d 2022-10-10  |f 1  |l 0  |r 2025-05-19 00:00:00  |w 2026-02-24 
952 |a SNK  |b SNK  |y VYP  |7 0  |p 17A1494421  |o snkSB 98519 D1  |i snk2022/15413  |8 0  |0 0  |1 0  |4 0  |d 2022-10-10  |l 0  |r 2026-02-24 05:49:09  |w 2026-02-24